000 00723nam a22002177a 4500
999 _c8517
_d8517
003 AR-CdUCM
008 190325b ||||| |||| 00| 0 spa d
040 _aMUNICIPALIDAD PROVINCIAL DEL CUSCO
_cBIBLIOTECA MUNICIPAL DEL CUSCO
082 _22ed.
_a985.6 /
_bAL35
100 _aAlatrista B., Germán
_923857
245 _aLa cruzada blanca /
260 _aLima :
_bDesa,
_c2003.
300 _a173 páginas ;
_c20.5 cm.
500 _aDedicatoria
505 _aBreve historia de la seguridad social -- Creación blanca -- La primera huelga medica del Perú -- Inaguración del hospital ...
650 _aHistoria
_9136
650 _aSeguridad social
_99350
650 _aSalud
_98684
942 _2ddc
_cLIBROS
945 _aacv